| 000 | 00477nam a2200157 a 4500 | ||
|---|---|---|---|
| 001 | 000028370 | ||
| 005 | 20200930054917.0 | ||
| 008 | 110408s2002 dr a 000 0 spa d | ||
| 040 |
_aDO-SdBNP _bspa _cBNPHU |
||
| 082 |
_axxx _bH875u |
||
| 100 | 1 |
_aHubbard, Helbert, _d1856-1915 _955335 |
|
| 245 | 1 | 0 |
_aUn mensaje a García / _cHelbert Hubbard. |
| 260 |
_aSanto Domingo : _bArtes Gráficas de la Editora Universitaria, _c2002. |
||
| 300 |
_a18 p. : _bil. ; _c13 cm. |
||
| 049 | _aBNPD | ||
| 999 |
_c27862 _d27862 |
||